| 000 | 00482cam a22001934a 4500 | ||
|---|---|---|---|
| 005 | 20250605164314.0 | ||
| 008 | 250528s ||||||||||||||||||||||||d | ||
| 035 | _a22636 | ||
| 020 | _a9780077078225 | ||
| 040 |
_aGR-AtMCL _bgre _dGR-AtMCL _eAACR2 |
||
| 245 | 1 | _aCOMPUTER COMMUNICATIONS / PRINCIPLES & BUSINESS APPLICATION | |
| 250 | _a1 | ||
| 260 |
_bMcgraw Hill, _c1994 |
||
| 300 | _a278 | ||
| 700 | 1 |
_aSloane Andy _91507 |
|
| 942 | _cBK | ||
| 999 |
_c7684 _d7684 |
||